| 000 | 00383nam a2200145Ia 4500 | ||
|---|---|---|---|
| 008 | 210210b1986 xxu||||| |||| 00| 0 eng d | ||
| 082 | _a512 ARUM | ||
| 100 | _aARUMUGAM (S) and ISSAAC (A Thangapandi). | ||
| 245 | _aModern algebra. | ||
| 260 |
_aPalayamkottai _bNew Gamma Publishing House _c1986 |
||
| 300 | _a452 | ||
| 650 | _aModern algebra | ||
| 690 | _aAlgebra | ||
| 906 | _a043822 | ||
| 999 |
_c93236 _d93236 |
||